Návrh postupu prípravy crowdfundingovej kampane ako nástroja pre financovanie malého priemyselného podniku na základe analýzy príkladu spoločnosti Culcharge

Gespeichert in:
Bibliographische Detailangaben
1. Verfasser: Bašo, Michal, 1991- (Verfasst von)
Weitere Verfasser: Petráš, Rastislav, 1988- (Betreuung Doktorarbeit)
Format: Manuskript Buch
Sprache:Slowakisch
Veröffentlicht: Trnava : STU v Bratislave MTF UPMK, 2014
Schlagworte:
Online-Zugang:VAIS
Tags: Tag hinzufügen
Keine Tags, Fügen Sie das erste Tag hinzu!

MARC

LEADER 00000ntm a22000003a 4500
001 stu293290
005 20150617230307.9
008 140708s2014----xo------------------slo-d
040 |a STU  |b slo 
041 0 |a slo 
044 |a xo 
100 1 |a Bašo, Michal,  |d 1991-  |4 aut  |u M  |T MTF Materiálovotechnologická fakulta  |X 45574  |U M  |Y 60  |7 A000045574 
242 0 0 |a The proposal of preparation of crowdfunding campaign as an instrument for financing small industrial companies by the analysis of Culcharge company  |y eng 
245 1 |a Návrh postupu prípravy crowdfundingovej kampane ako nástroja pre financovanie malého priemyselného podniku na základe analýzy príkladu spoločnosti Culcharge 
260 |a Trnava :  |b STU v Bratislave MTF UPMK,  |c 2014 
300 |a 58s  |c CD 
650 7 |a priemyselné manažérstvo  |2 stusub 
650 7 |a Industrial Management  |2 estusub 
650 7 |a crowdfunding  |2 estusub 
700 1 |a Petráš, Rastislav,  |d 1988-  |4 ths  |u M4000  |U MTF Materiálovotechnologická fakulta  |T MTF Ústav priemyselného inžinierstva a manažmentu  |X 70566  |U M4000  |Y 84  |7 A000070566 
856 4 |a info a plný text  |u http://is.stuba.sk/zp/portal_zp.pl?podrobnosti=87278  |3 VAIS 
996 |c M*BP-6940  |l MMSKP  |s P  |a 0  |w stu293290_0001